<?xml version="1.0" encoding="UTF-8"?>
<record
    xmlns:xsi="http://www.w3.org/2001/XMLSchema-instance"
    xsi:schemaLocation="http://www.loc.gov/MARC21/slim http://www.loc.gov/standards/marcxml/schema/MARC21slim.xsd"
    xmlns="http://www.loc.gov/MARC21/slim">

  <leader>00802nam a2200253Ia 4500</leader>
  <controlfield tag="005">20220316235640.0</controlfield>
  <controlfield tag="008">121119s2003    ck a   gr     000 f spa  </controlfield>
  <datafield tag="020" ind1=" " ind2=" ">
    <subfield code="a">9582401699</subfield>
  </datafield>
  <datafield tag="041" ind1="0" ind2=" ">
    <subfield code="a">spa</subfield>
  </datafield>
  <datafield tag="100" ind1="1" ind2=" ">
    <subfield code="a">Bernal Pinilla, Luis Dar&#xED;o</subfield>
    <subfield code="d">1950-</subfield>
  </datafield>
  <datafield tag="245" ind1="1" ind2="0">
    <subfield code="a">Fortunato</subfield>
    <subfield code="c">Luis Dar&#xED;o Bernal Pinilla ; ilustraciones, Jaime Cort&#xE9;s</subfield>
  </datafield>
  <datafield tag="250" ind1=" " ind2=" ">
    <subfield code="a">Primera edici&#xF3;n</subfield>
  </datafield>
  <datafield tag="300" ind1=" " ind2=" ">
    <subfield code="a">126 p&#xE1;ginas</subfield>
    <subfield code="b">ilustraciones</subfield>
  </datafield>
  <datafield tag="650" ind1="1" ind2="4">
    <subfield code="a">Literatura colombiana </subfield>
    <subfield code="2">LEMB</subfield>
  </datafield>
  <datafield tag="650" ind1="1" ind2="4">
    <subfield code="a">Novela infantil colombiana </subfield>
    <subfield code="2">LEMB</subfield>
  </datafield>
  <datafield tag="700" ind1="1" ind2=" ">
    <subfield code="a">Cort&#xE9;s, Jaime</subfield>
    <subfield code="e">ilustrador</subfield>
    <subfield code="9">39886</subfield>
  </datafield>
  <datafield tag="942" ind1=" " ind2=" ">
    <subfield code="2">loc</subfield>
    <subfield code="c">BKINF</subfield>
  </datafield>
  <datafield tag="264" ind1=" " ind2=" ">
    <subfield code="a">Bogot&#xE1; </subfield>
    <subfield code="b">Alfaguara</subfield>
    <subfield code="c">2003</subfield>
  </datafield>
  <datafield tag="336" ind1=" " ind2=" ">
    <subfield code="a">texto</subfield>
    <subfield code="b">txt</subfield>
    <subfield code="2">rdacontent</subfield>
  </datafield>
  <datafield tag="337" ind1=" " ind2=" ">
    <subfield code="a">sin mediaci&#xF3;n</subfield>
    <subfield code="b">n</subfield>
    <subfield code="2">rdamedia</subfield>
  </datafield>
  <datafield tag="338" ind1=" " ind2=" ">
    <subfield code="a">volumen</subfield>
    <subfield code="b">nc</subfield>
    <subfield code="2">rdacarrier</subfield>
  </datafield>
  <datafield tag="040" ind1=" " ind2=" ">
    <subfield code="a">CO-BoRNBP</subfield>
    <subfield code="b">spa</subfield>
    <subfield code="e">rda</subfield>
    <subfield code="c">CO-BoRNBP</subfield>
  </datafield>
  <datafield tag="084" ind1=" " ind2=" ">
    <subfield code="a">N BER1</subfield>
  </datafield>
  <datafield tag="999" ind1=" " ind2=" ">
    <subfield code="c">1677</subfield>
    <subfield code="d">1677</subfield>
  </datafield>
  <datafield tag="952" ind1=" " ind2=" ">
    <subfield code="0">0</subfield>
    <subfield code="1">0</subfield>
    <subfield code="2">ddc</subfield>
    <subfield code="4">0</subfield>
    <subfield code="7">0</subfield>
    <subfield code="8">INF</subfield>
    <subfield code="a">MEPRICO</subfield>
    <subfield code="b">MEPRICO</subfield>
    <subfield code="c">SInf</subfield>
    <subfield code="d">2022-12-05</subfield>
    <subfield code="o">NBER1</subfield>
    <subfield code="p">PR000001108</subfield>
    <subfield code="r">2022-12-05 00:00:00</subfield>
    <subfield code="t">Ej.1</subfield>
    <subfield code="w">2022-12-05</subfield>
    <subfield code="y">BKINF</subfield>
  </datafield>
  <datafield tag="952" ind1=" " ind2=" ">
    <subfield code="0">0</subfield>
    <subfield code="1">0</subfield>
    <subfield code="2">ddc</subfield>
    <subfield code="4">0</subfield>
    <subfield code="7">0</subfield>
    <subfield code="8">INF</subfield>
    <subfield code="a">MEGUAMAL</subfield>
    <subfield code="b">MEGUAMAL</subfield>
    <subfield code="c">SInf</subfield>
    <subfield code="d">2023-02-22</subfield>
    <subfield code="l">0</subfield>
    <subfield code="o"> N BER1</subfield>
    <subfield code="p">GUA001696</subfield>
    <subfield code="r">2023-02-22 00:00:00</subfield>
    <subfield code="t">Ej.1</subfield>
    <subfield code="w">2023-02-22</subfield>
    <subfield code="y">BKINF</subfield>
  </datafield>
  <datafield tag="952" ind1=" " ind2=" ">
    <subfield code="0">0</subfield>
    <subfield code="1">0</subfield>
    <subfield code="2">ddc</subfield>
    <subfield code="4">0</subfield>
    <subfield code="7">0</subfield>
    <subfield code="8">INF</subfield>
    <subfield code="a">MEDORADO</subfield>
    <subfield code="b">MEDORADO</subfield>
    <subfield code="c">SInf</subfield>
    <subfield code="d">2023-02-27</subfield>
    <subfield code="l">0</subfield>
    <subfield code="o">NBER1</subfield>
    <subfield code="p">DOR02207</subfield>
    <subfield code="r">2023-02-27 00:00:00</subfield>
    <subfield code="t">Ej.1</subfield>
    <subfield code="w">2023-02-27</subfield>
    <subfield code="y">BKINF</subfield>
  </datafield>
  <datafield tag="952" ind1=" " ind2=" ">
    <subfield code="0">0</subfield>
    <subfield code="1">0</subfield>
    <subfield code="2">ddc</subfield>
    <subfield code="4">0</subfield>
    <subfield code="7">0</subfield>
    <subfield code="8">INF</subfield>
    <subfield code="a">MESGUARO</subfield>
    <subfield code="b">MESGUARO</subfield>
    <subfield code="c">SInf</subfield>
    <subfield code="d">2023-06-28</subfield>
    <subfield code="o">N  BER1</subfield>
    <subfield code="p">SG00666</subfield>
    <subfield code="r">2023-06-28 00:00:00</subfield>
    <subfield code="t">Ej.1</subfield>
    <subfield code="w">2023-06-28</subfield>
    <subfield code="y">BKINF</subfield>
  </datafield>
  <datafield tag="952" ind1=" " ind2=" ">
    <subfield code="0">0</subfield>
    <subfield code="1">0</subfield>
    <subfield code="2">ddc</subfield>
    <subfield code="4">0</subfield>
    <subfield code="7">0</subfield>
    <subfield code="8">INF</subfield>
    <subfield code="a">MECUBARR</subfield>
    <subfield code="b">MECUBARR</subfield>
    <subfield code="c">SInf</subfield>
    <subfield code="d">2023-07-18</subfield>
    <subfield code="l">0</subfield>
    <subfield code="o">N BER1</subfield>
    <subfield code="p">CUB00231</subfield>
    <subfield code="r">2023-07-18 20:29:35</subfield>
    <subfield code="t">Ej.1</subfield>
    <subfield code="w">2023-07-18</subfield>
    <subfield code="y">BKINF</subfield>
  </datafield>
  <datafield tag="952" ind1=" " ind2=" ">
    <subfield code="0">0</subfield>
    <subfield code="1">0</subfield>
    <subfield code="2">ddc</subfield>
    <subfield code="4">0</subfield>
    <subfield code="7">0</subfield>
    <subfield code="8">INF</subfield>
    <subfield code="a">MEPLLERAS</subfield>
    <subfield code="b">MEPLLERAS</subfield>
    <subfield code="c">LIT</subfield>
    <subfield code="d">2023-10-13</subfield>
    <subfield code="l">0</subfield>
    <subfield code="o">N BER1</subfield>
    <subfield code="p">PLL00248</subfield>
    <subfield code="r">2023-10-13 13:38:48</subfield>
    <subfield code="t">Ej.1</subfield>
    <subfield code="w">2023-10-13</subfield>
    <subfield code="y">BKINF</subfield>
  </datafield>
  <datafield tag="952" ind1=" " ind2=" ">
    <subfield code="0">0</subfield>
    <subfield code="1">0</subfield>
    <subfield code="2">ddc</subfield>
    <subfield code="4">0</subfield>
    <subfield code="7">0</subfield>
    <subfield code="8">INF</subfield>
    <subfield code="a">MEMAPIRI</subfield>
    <subfield code="b">MEMAPIRI</subfield>
    <subfield code="c">SInf</subfield>
    <subfield code="d">2024-01-24</subfield>
    <subfield code="l">0</subfield>
    <subfield code="o">N BER1</subfield>
    <subfield code="p">MAP00003525</subfield>
    <subfield code="r">2024-01-24 19:39:13</subfield>
    <subfield code="t">Ej.1</subfield>
    <subfield code="w">2024-01-24</subfield>
    <subfield code="y">BKINF</subfield>
  </datafield>
  <datafield tag="952" ind1=" " ind2=" ">
    <subfield code="0">0</subfield>
    <subfield code="1">0</subfield>
    <subfield code="2">ddc</subfield>
    <subfield code="4">0</subfield>
    <subfield code="7">0</subfield>
    <subfield code="8">INF</subfield>
    <subfield code="a">MEPLOPEZ</subfield>
    <subfield code="b">MEPLOPEZ</subfield>
    <subfield code="c">SInf</subfield>
    <subfield code="d">2025-05-28</subfield>
    <subfield code="l">0</subfield>
    <subfield code="o">N BER1</subfield>
    <subfield code="p">PLZ01411</subfield>
    <subfield code="r">2025-05-28 09:40:44</subfield>
    <subfield code="t">Ej.1</subfield>
    <subfield code="w">2025-05-28</subfield>
    <subfield code="y">BKINF</subfield>
  </datafield>
  <datafield tag="952" ind1=" " ind2=" ">
    <subfield code="0">0</subfield>
    <subfield code="1">0</subfield>
    <subfield code="2">ddc</subfield>
    <subfield code="4">0</subfield>
    <subfield code="7">0</subfield>
    <subfield code="8">INF</subfield>
    <subfield code="a">MEURIBE</subfield>
    <subfield code="b">MEURIBE</subfield>
    <subfield code="c">SInf</subfield>
    <subfield code="d">2025-06-12</subfield>
    <subfield code="l">0</subfield>
    <subfield code="o">N BER1</subfield>
    <subfield code="p">URI02566</subfield>
    <subfield code="r">2025-06-12 17:34:13</subfield>
    <subfield code="t">Ej.1</subfield>
    <subfield code="w">2025-06-12</subfield>
    <subfield code="y">BKINF</subfield>
  </datafield>
</record>
